Vista normal
Vista MARC
Entrada Materia (personas)
Número de registros utilizados en: 4
001 - CONTROL NUMBER
- control field: 133090
003 - CONTROL NUMBER IDENTIFIER
- control field: Co-BoUCM
005 - DATE AND TIME OF LATEST TRANSACTION
- control field: 20211020111408.0
008 - FIXED-LENGTH DATA ELEMENTS
- fixed length control field: 211020|| aca||aabn | a|a d
040 ## - CATALOGING SOURCE
- Original cataloging agency: Co-BoUCM
- Transcribing agency: Co-BoUCM
100 ## - HEADING--PERSONAL NAME
- Personal name: Guevara, Ernesto Che
- Dates associated with a name: 1928-1967
670 ## - SOURCE DATA FOUND
- Source citation: Work cat.: (Co-BoUCM)52822: Guevara, Ernesto Che 1928-1967, El diario del Che en Bolivia, 2006